The C programming language / (Record no. 62)

MARC details
000 -LEADER
fixed length control field 00602pam a2200205 4500
001 - CONTROL NUMBER
control field 74
005 - DATE AND TIME OF LATEST TRANSACTION
control field 20181127160301.0
008 - FIXED-LENGTH DATA ELEMENTS--GENERAL INFORMATION
fixed length control field 880303s1988 nju 001 0 eng
010 ## - LIBRARY OF CONGRESS CONTROL NUMBER
LC control number 88005934
020 ## - INTERNATIONAL STANDARD BOOK NUMBER
International Standard Book Number 0131103628 (pbk.)
International Standard Book Number 0131103709
100 1# - MAIN ENTRY--PERSONAL NAME
Personal name Kernighan, Brian W.
245 14 - TITLE STATEMENT
Title The C programming language /
Statement of responsibility, etc. Brian W. Kernighan, Dennis M. Ritchie.
250 ## - EDITION STATEMENT
Edition statement 2nd ed.
260 ## - PUBLICATION, DISTRIBUTION, ETC.
Place of publication, distribution, etc. Englewood Cliffs, N.J. :
Name of publisher, distributor, etc. Prentice Hall,
Date of publication, distribution, etc. c1988.
300 ## - PHYSICAL DESCRIPTION
Extent xii, 272 p. ;
Dimensions 25 cm.
500 ## - GENERAL NOTE
General note Includes index.
650 #0 - SUBJECT ADDED ENTRY--TOPICAL TERM
Topical term or geographic name entry element C (Computer program language)
700 1# - ADDED ENTRY--PERSONAL NAME
Personal name Ritchie, Dennis M.,
Dates associated with a name 1941-
Holdings
Withdrawn status Lost status Source of classification or shelving scheme Damaged status Not for loan Collection code Home library Current library Shelving location Date acquired Cost, normal purchase price Serial Enumeration / chronology Inventory number Full call number Barcode Date last seen Copy number Price effective from Koha item type Total Checkouts Date last checked out
    Dewey Decimal Classification     Main TEST RTC Library RTC Library Main opac 28/02/2022 100.00 36 005.13 KER 30002381 27/11/2018 1 27/11/2018 Main    
    Dewey Decimal Classification     Main TEST RTC Library RTC Library Main opac 28/02/2022 100.00 38 005.13 KER 30004514 27/11/2018 5 27/11/2018 Main    
    Dewey Decimal Classification     Main TEST RTC Library RTC Library Main opac 28/02/2022 100.00 42 005.13 KER 30004380 27/11/2018 4 27/11/2018 Main    
    Dewey Decimal Classification     Main TEST RTC Library RTC Library Main opac 28/02/2022 100.00 34 005.13 KER 30004376 27/11/2018 3 27/11/2018 Main    
    Dewey Decimal Classification     Main TEST RTC Library RTC Library Main opac 28/02/2022 100.00 43 005.13 KER 30004435 27/11/2018 2 27/11/2018 Main    
    Dewey Decimal Classification     Main TEST RTC Library RTC Library Main opac 28/02/2022 100.00 40 005.13 KER 30004518 06/04/2019 11 27/11/2018 Main 1 19/03/2019
    Dewey Decimal Classification     Main TEST RTC Library RTC Library Main opac 28/02/2022 100.00 37 005.13 KER 30004472 25/08/2022 10 27/11/2018 Main 1 24/08/2022
    Dewey Decimal Classification     Main TEST RTC Library RTC Library Main opac 28/02/2022 100.00 41 005.13 KER 30004391 24/09/2022 9 27/11/2018 Main 1 12/09/2022
    Dewey Decimal Classification     Main TEST RTC Library RTC Library Main opac 28/02/2022 100.00 35 005.13 KER 30004372 27/11/2018 7 27/11/2018 Main    
    Dewey Decimal Classification     Main TEST RTC Library RTC Library Main opac 28/02/2022 100.00 39 005.13 KER 30004457 27/11/2018 6 27/11/2018 Main    
    Dewey Decimal Classification     Main TEST RTC Library RTC Library Main opac 28/02/2022 100.00 44 005.13 KER 30004408 27/11/2018 8 27/11/2018 Main    
Royal Thimphu College || All Right Reserved